000 00586nam a2200253Ia 4500
005 20250425161940.0
008 250425s9999 xx 000 0 und d
020 _a84874440894
041 _aspa
082 _a621.4023
100 _aANDRES, J. A. DE
245 0 _aINSTALACIONES DE COMBUSTIBLES GASEOSOS
250 _a1A ED.
260 _aEspaƱa
_bAMV
_c1997
260 _aMADRID
300 _a489
650 _aCALDERAS
650 _aCOMBUSTIBLES GASEOSOS
650 _aCOMBUSTION
650 _aCORROSION
700 _aPOMATTA, R.
942 _c01
010 _a36383
999 _c219444
_d219444